عرض عادي
عرض مارك
- العلوم
مدخل مصطلح موضوعي
001 - رقم الضبط
- حقل الضبط: 63574
003 - معرف رقم الضبط
- حقل الضبط: OSt
005 - تاريخ ووقت أخر عملية
- حقل الضبط: 20180430135740.0
008 - عناصر بيانات ثابتة الطول
- حقل تحكم ثابت الطول: 180430|| aca||aabn | a|a d
040 ## - مصدر الفهرسة
- هيئة الفهرسة الأصلية: OSt
- وكالة الكتابة: OSt
150 ## - مدخل-- مصطلح تاريخي
- عنصر مدخل المصطلح الموضوعي او الاسم الجغرافي: العلوم
- تفريع جغرافي: البلاد العربية
- تفريع عام: دوريات
- تفريع عام: معالجة بيانات
670 ## - بيانات المصدر موجوده
- الاستشهاد بالمصدر: Work cat.: (OSt): محمد، سمية سيد 63571, مقومات الرقمنة في الدوريات الإلكترونية العربية في العلوم والتقنية /, 2017.
